Economist Intelligence Unit (Record no. 120141)

MARC details
000 -LEADER
fixed length control field 00633cam a2200181 4500
001 - CONTROL NUMBER
control field WS119192
008 - FIXED-LENGTH DATA ELEMENTS--GENERAL INFORMATION
fixed length control field 020805n 000 0 eng u
035 ## - SYSTEM CONTROL NUMBER
System control number (Sirsi) u119192
110 ## - MAIN ENTRY--CORPORATE NAME
Corporate name or jurisdiction name as entry element Economist Intelligence Unit
9 (RLIN) 72
245 ## - TITLE STATEMENT
Title Economist Intelligence Unit
520 ## - SUMMARY, ETC.
Summary, etc. Web site for this company which specialises in providing economic information on different countries via charged reports.
650 ## - SUBJECT ADDED ENTRY--TOPICAL TERM
Topical term or geographic name entry element ECONOMICS
650 ## - SUBJECT ADDED ENTRY--TOPICAL TERM
Topical term or geographic name entry element ECONOMIC ANALYSIS
650 ## - SUBJECT ADDED ENTRY--TOPICAL TERM
Topical term or geographic name entry element Valuation
9 (RLIN) 6273
690 ## - LOCAL SUBJECT ADDED ENTRY--TOPICAL TERM (OCLC, RLIN)
Topical term or geographic name as entry element MANAGEMENT-BUSINESS MANAGEMENT
856 40 - ELECTRONIC LOCATION AND ACCESS
Uniform Resource Identifier <a href="https://www.eiu.com">https://www.eiu.com</a>
Public note View the website free of charge at www.eiu.com...
942 ## - ADDED ENTRY ELEMENTS (KOHA)
Suppress in OPAC 0
Holdings
Withdrawn status Lost status Source of classification or shelving scheme Damaged status Not for loan Home library Current library Shelving location Date acquired Total Checkouts Full call number Barcode Date last seen Copy number Price effective from Koha item type
    Dewey Decimal Classification     Virtual Virtual Online 05/08/2002   WEB SITE 119192-2001 06/08/2019 1 06/08/2019 Online material